Degradácia UV žiarením vrstiev konjugovaných polysilanov pre nanotechnológie

Salvato in:
Dettagli Bibliografici
Autore principale: Tkáčová, Miroslava, 1986- (Autore)
Altri autori: Schauer, František, 1941- (Relatore della tesi)
Natura: Manoscritto Libro
Lingua:slovacco
Pubblicazione: Trnava : STU v Bratislave MTF UMAT, 2013
Soggetti:
Accesso online:VAIS
Tags: Aggiungi Tag
Nessun Tag, puoi essere il primo ad aggiungerne!!

MARC

LEADER 00000ntm a22000003a 4500
001 stu269318
005 20150617230244.5
008 130627s2013----xo------------------slo-d
040 |a STU  |b slo 
041 0 |a slo 
044 |a xo 
100 1 |a Tkáčová, Miroslava,  |d 1986-  |4 aut  |u M  |T MTF Materiálovotechnologická fakulta  |X 44789  |U M  |Y 60  |7 A000044789 
242 0 0 |a Photodegradation of Polysilane Thin Films for Nanotechnology  |y eng 
245 1 |a Degradácia UV žiarením vrstiev konjugovaných polysilanov pre nanotechnológie  
260 |a Trnava :  |b STU v Bratislave MTF UMAT,  |c 2013 
650 7 |a Materials Engineering  |2 estusub 
650 7 |a photoluminescence  |2 estusub 
650 7 |a fotoluminiscencia  |2 stusub 
700 1 |a Schauer, František,  |d 1941-  |4 ths  |X 47209  |7 A000047209 
856 4 |a info a plný text  |u http://is.stuba.sk/zp/portal_zp.pl?podrobnosti=90825  |3 VAIS 
996 |c M*DP-11276  |l MMSKP  |s P  |a 0  |w stu269318_0001